000 00243nam a2200097Ia 4500
001 920730
005 20250826191413.0
008 250824s9999 xx 000 0 und d
245 0 _aKİOK HAN
_cAHMET HALDUN TERZİOĞLU
260 _bPANAMA YAYINLARI
999 _c920730
_d920730